Nessuno mi può giudicare /

Enregistré dans:
Détails bibliographiques
Autres auteurs: Papaleo, Rocco (Acteur), Bruno, Massimiliano, (1970- ) (Directeur), Bova, Raoul (Acteur), Cortellesi, Paola (Acteur)
Format: Diapositive
Langue:italien
Publié: [Roma! : 01 Distribution, ℗2011
Tags: Ajouter un tag
Pas de tags, Soyez le premier à ajouter un tag!

MARC

LEADER 00000ngm a22000007i 4500
001 IT\ICCU\LO1\1386162
003 ItRI
005 20260331160426.0
008 111019s2011 it |||||||||||||||k|||||c
024 3 1 |a 8032807038735 
028 4 2 |a 03873 
040 |b ita  |c Arcigay Genova  
041 7 |a ita  |2 ISO-639-2 
082 |a 791.43  |2 19 
130 0 |a Nessuno mi può giudicare <film ; 2011> 
245 0 0 |a Nessuno mi può giudicare /  |c regia di Massimiliano Bruno ; [con] Paola Cortellesi, Raoul Bova, Rocco Papaleo ; [sceneggiatura Massimiliano Bruno ed Edoardo Falcone ; fotografia Roberto Forza ; musiche originali Giuliano Taviani e Carmelo Travia]. 
260 |a [Roma! :  |b 01 Distribution,  |c ℗2011 
300 |a 1 DVD-Video (ca. 93 min.) :  |b color., sonoro 
500 |a Titolo del contenitore 
500 |a Produzione cinematografica Italia 2011 
500 |a Sottotitoli: italiano per non udenti 
500 |a Altri interpreti: Anna Foglietta, Giovanni Bruno 
500 |a Caratteristiche tecniche: regione 2; PAL; video 16/9, 2,35:1; audio Dolby digital 5.1 
500 |a Contenuti speciali: commenti; backstage; interviste; scene tagliate e estese; papere; trailer. 
700 1 |a Papaleo, Rocco  |0 IT\ICCU\RAVV\221221  |4 act 
700 1 |a Bruno, Massimiliano,  |d  (1970- )  |0 IT\ICCU\RAVV\491994  |4 drt 
700 1 |a Bova, Raoul  |0 IT\ICCU\UBOV\484738  |4 act 
700 1 |a Cortellesi, Paola  |0 IT\ICCU\UBOV\640636  |4 act 
942 |2 ddc  |c VM  |n 0 
952 |0 0  |1 0  |2 ddc  |4 0  |6 DVD_21_000000000000000  |7 0  |9 33312  |a GE  |b GE  |d 2026-03-31  |l 0  |o DVD 21  |p 11838  |r 2026-03-31 16:04:42  |w 2026-03-31  |y VM 
981 1 |6 z01  |a b   |b xa2e  
982 1 |6 z01  |a g 
999 |c 28928  |d 28928